Proyecto de Código civil para la República Oriental del Uruguay publicado en Montevideo en 1852 / (Record no. 20551)

MARC details
000 -LEADER
campo de control de longitud fija 00760nam a2200205 i 4500
001 - NÚMERO DE CONTROL
campo de control 20551
003 - IDENTIFICADOR DE NÚMERO DE CONTROL
campo de control ES-MaACL
005 - FECHA Y HORA DE LA ÚLTIMA TRANSACCIÓN
campo de control 20230906152326.0
007 - CAMPO FIJO DE DESCRIPCIÓN FÍSICA--INFORMACIÓN GENERAL
campo de control de longitud fija t|
008 - DATOS DE LONGITUD FIJA--INFORMACIÓN GENERAL
campo de control de longitud fija 021114s1963 uy ||||1| spa d
100 1# - ENTRADA PRINCIPAL--NOMBRE DE PERSONA
Nombre de persona Acevedo Díaz, Eduardo,
Fechas asociadas al nombre 1882-1959
9 (RLIN) 18248
245 10 - MENCIÓN DEL TÍTULO
Título Proyecto de Código civil para la República Oriental del Uruguay publicado en Montevideo en 1852 /
Mención de responsabilidad, etc. Eduardo Acevedo.
250 ## - MENCION DE EDICION
Mención de edición Ed. conmemorativa.
260 ## - PUBLICACIÓN, DISTRIBUCIÓN, ETC.
Lugar de publicación, distribución, etc. Montevideo :
Nombre del editor, distribuidor, etc. Ministerio de Instrucción Pública y Previsión Social,
Fecha de publicación, distribución, etc. 1963.
300 ## - DESCRIPCIÓN FÍSICA
Extensión LXXI, 529 p. ;
Dimensiones 26 cm.
650 #4 - PUNTO DE ACCESO ADICIONAL DE MATERIA--TÉRMINO DE MATERIA
Término de materia o nombre geográfico como elemento de entrada Derecho civil-
Subdivisión geográfica Uruguay.
9 (RLIN) 171520
710 1# - ENTRADA AGREGADA--NOMBRE DE ENTIDAD CORPORATIVA
Nombre de entidad corporativa o nombre de jurisdicción como elemento de entrada Uruguay.
Unidad subordinada Ministerio de Instrucción Pública y Previsión Social.
9 (RLIN) 7529
852 ## - LOCALIZACIÓN
Ubicación ES-MaACL
Número de control de estantería C-28654
Holdings
Estatus retirado Estado de pérdida Estado de daño No para préstamo Biblioteca de origen Biblioteca actual Ubicación en estantería Fecha de adquisición Fuente de adquisición Total de préstamos Signatura topográfica completa Código de barras Visto por última vez Precio de reemplazo Tipo de ítem Koha
        Biblioteca del Ateneo de Madrid Biblioteca del Ateneo de Madrid Depósito 2 17/01/2008     C-28654 1021101 23/02/2023 23/02/2023 Libro impreso